000 00208 a2200097 4500
001 14870
100 _aSteinberg S.H
245 _aHistorical tables
260 _aLondon
_bMacmillan
_c
090 _c11639
_d11639
942 _aNUST-CAE
_cM
_c1824
999 _c249943
_d249943